000 00831nas a2200265 4500
001 BR0901762
003 BR-BrBNA
005 20231205112631.0
007 ta
008 230509b bl.|||p| |||| 00| 00por d
040 _aBR-BrBNA
_bpor
_cBiblioteca Nacional de Agricultura
041 _a(Pt)
072 _aK10
100 1 _aTonini, H.
100 1 _aOliveira Júnior, M.M.C. de
100 1 _aSchwengber, D.
245 1 _aCrescimento de espécies nativas da Amazônia submetidas ao plantio no estado de Roraimã
650 _aREFLORESTAMENTO
650 _aESPÉCIE NATIVA
650 _aCURVA DE CRESCIMENTO
650 _aMODELO MATEMÁTICO
773 0 _tCiência Florestal (Brazil)
_xISSN 0103-9954
_g(Jan-Jun 2008), v. 18(1-2) p. 151-158
_wBR0901762
909 _a202311
_bLúcia
_c55
_dLúcia Elande
942 _2AGRIS
_n0
_cANA
999 _c199084
_d199084